00389 2200157 4500001002100000005001500021035002000036245004500056100001500101250001700116300003200133260003300165082000800198084001400206650001100220INLIS00000000000023020240529092311 a0010-05240001521 aBino Membuat Gitar Sendiri /cSeno Subro0 aSeno Subro acetakan ke-1 aiv, 40 hlm :bilus ;c21 cm aJakarta :bCV. Deriko,c2007 a813 a813 SEN b 4aCerpen